After liquidation (Record no. 82538)

MARC details
000 -LEADER
fixed length control field 00915cab a22002415a 4500
001 - CONTROL NUMBER
control field L150511
008 - FIXED-LENGTH DATA ELEMENTS--GENERAL INFORMATION
fixed length control field 100721e20100715xxk f v 000 0 eng u
035 ## - SYSTEM CONTROL NUMBER
System control number (Sirsi) u150511
041 0# - LANGUAGE CODE
Language code of text/sound track or separate title eng
100 1# - MAIN ENTRY--PERSONAL NAME
Personal name Jones, Andrew
245 00 - TITLE STATEMENT
Title After liquidation
Remainder of title what next?
260 ## - PUBLICATION, DISTRIBUTION, ETC.
Date of publication, distribution, etc. 2010
490 #0 - SERIES STATEMENT
Series statement Construction News
Volume/sequential designation (7176) 15 July 2010, 34-35(2)
520 ## - SUMMARY, ETC.
Summary, etc. Second part of an explanation of liquidation negotiations including multiple contracts, binding contract, regulations, Consumer Code for Home Builders.
590 ## - LOCAL NOTE (RLIN)
Local note KA
651 #4 - SUBJECT ADDED ENTRY--GEOGRAPHIC NAME
Geographic name England and Wales
Chronological subdivision 1543-
690 ## - LOCAL SUBJECT ADDED ENTRY--TOPICAL TERM (OCLC, RLIN)
Topical term or geographic name as entry element MANAGEMENT-DISPUTE AVOIDANCE, MANAGEMENT AND RESOLUTION-DISPUTE MANAGEMENT AND RESOLUTION-ALTERNATIVE DISPUTE RESOLUTION-ADJUDICATION
690 ## - LOCAL SUBJECT ADDED ENTRY--TOPICAL TERM (OCLC, RLIN)
Topical term or geographic name as entry element BUILT ENVIRONMENT-CONSTRUCTION MANAGEMENT-BUILDING CONTRACT ADMINISTRATION
700 1# - ADDED ENTRY--PERSONAL NAME
Personal name Fielden, James
700 1# - ADDED ENTRY--PERSONAL NAME
Personal name Duncan, Tom
700 1# - ADDED ENTRY--PERSONAL NAME
Personal name Kelly, Ros
942 ## - ADDED ENTRY ELEMENTS (KOHA)
Suppress in OPAC 0
Holdings
Withdrawn status Lost status Source of classification or shelving scheme Damaged status Not for loan Home library Current library Shelving location Date acquired Total Checkouts Full call number Barcode Date last seen Copy number Price effective from Koha item type
    Dewey Decimal Classification     London London Journal article 21/07/2010   L150511 150511-1001 06/08/2019 1 06/08/2019 Journal article